Studies in the eighteenth century. 2. Papers presented at the second David Nichol Smith Memorial Seminar, Canberra, 1970 /

保存先:
書誌詳細
団体著者: David Nichol Smith Memorial Seminar Canberra, A.C.T.
その他の著者: Brissenden, R. F. (Robert Francis), 1928-1991
フォーマット: 会議録 図書
言語:English
出版事項: Canberra : Australian National University Press, 1973.
主題:
LEADER 01507nam a2200325 a 4500
001 c000335193
003 CARM
005 19941115000000.0
008 731211s1973 at a 101 0 eng d
019 1 |a 1629307  |z 726774  |5 LACONCORD2021 
020 |a 0708100929 :  |c $10.95 Aust. 
035 |a (OCoLC)219900352  |5 LACONCORD2021 
040 |a ANB  |b eng  |c ANB  |d ANB 
082 0 4 |a 809/.033 
082 0 4 |a 901.9/33 
111 2 |a David Nichol Smith Memorial Seminar  |n (2nd :,  |d 1970 :  |c Canberra, A.C.T.) 
245 1 0 |a Studies in the eighteenth century. 2. Papers presented at the second David Nichol Smith Memorial Seminar, Canberra, 1970 /  |c edited by R.F. Brissenden. 
260 |a Canberra :  |b Australian National University Press,  |c 1973. 
300 |a xiii, 419 p. :  |b ill. ;  |c 23 cm. 
500 |a Civilization, 1700-1800. Conference proceedings (ANB/PRECIS SIN 600171418) 
500 |a European literature, 1700-1800. Conference proceedings (ANB/PRECIS SIN 600171426) 
500 |a Index. 
504 |a Includes bibliographical references. 
650 0 |a Civilization, Modern  |y 18th century  |x Congresses. 
650 0 |a Eighteenth century  |x Congresses. 
650 0 |a Literature, Modern  |y 18th century  |x Congresses. 
700 1 |a Brissenden, R. F.  |q (Robert Francis),  |d 1928-1991. 
852 8 |b CARM  |h A1:AQ33E0  |i B07795  |p 0349242  |f BK 
999 f f |i bd96de4b-1064-553e-86f9-5909f9bc6150  |s c111af3e-d153-5cb7-ab4a-a3694d7e6368 
952 f f |p Can circulate  |a CAVAL  |b CAVAL  |c CAVAL  |d CARM 1 Store  |e B07795  |f A1:AQ33E0  |h Other scheme  |i book  |m 0349242